000
00341 a2200157 4500
001
44165
020
_a
8576750163
040
_c
Anchieta - Aquarius
100
_a
Albergaria, Lino de
240
1
0
_a
Álbum de família
_l
por
245
1
0
_a
Álbum de família
300
_a
54
362
0
_a
2005
650
4
_a
Literatura juvenil
942
_c
BK
999
_c
44165
_d
44165